| 000 | 00911nac a22002291u 4500 | ||
|---|---|---|---|
| 020 | _a0582091934 (pbk) | ||
| 020 | _a05820910342 | ||
| 020 | _a0470219823 (U.S.) | ||
| 082 |
_a621.4021 _bE139 |
||
| 090 |
_c925 _d925 |
||
| 100 | _aEastop, T. D. | ||
| 245 |
_aApplied thermodynamics for engineering technologists / _cT.D. Eastop, A. McConkey. |
||
| 250 | _a5th ed. | ||
| 260 |
_aHarlow : _bLongman, _c1993. |
||
| 300 |
_axix,715p. : _bill. ; _c25cm. |
||
| 500 | _aPrevious ed.: 1986. | ||
| 504 | _aIncludes bibliographical references and index. | ||
| 650 | _aThermodynamics. | ||
| 942 |
_cBB _k621.4021E139 |
||
| 999 |
_c925 _d925 |
||